Coureurs présents dans l'album Panini Tour de France 2021 - Statistiques

Statistiques générales
  • Ce quiz a été pris 99 fois
  • Le résultat moyen est 62 sur 230
Statistiques - réponses
Equipe Coureur % Correct
UAE Team Emirates Tadej Pogačar
86%
Team DSM Romain Bardet
85%
Deceuninck Quick-Step Julian Alaphilippe
82%
Groupama-FDJ Thibaut Pinot
80%
Arkéa-Samsic Warren Barguil
80%
Israel Start-Up Nation Chris Froome
79%
Alpecin-Fenix Mathieu Van der Poel
77%
Bora-Hansgrohe Peter Sagan
77%
Jumbo-Visma Primož Roglič
77%
Arkéa-Samsic Nairo Quintana
76%
Groupama-FDJ David Gaudu
75%
Ineos Grenadiers Egan Bernal
75%
Israel Start-Up Nation Dan Martin
73%
Cofidis Guillaume Martin
73%
Jumbo-Visma Tony Martin
73%
Jumbo-Visma Wout Van Aert
69%
Ineos Grenadiers Geraint Thomas
66%
Team BikeExchange Simon Yates
65%
Movistar Team Alejandro Valverde
59%
Groupama-FDJ Arnaud Démare
59%
AG2R Citroën Team Benoît Cosnefroy
58%
B&B Hotels P/B KTM Pierre Rolland
58%
Trek-Segafredo Vincenzo Nibali
58%
B&B Hotels P/B KTM Bryan Coquard
56%
Lotto Soudal Caleb Ewan
56%
AG2R Citroën Team Ben O'Connor
55%
Bahrain Victorious Mikel Landa
55%
Ineos Grenadiers Richard Carapaz
55%
EF Education Nippo Rigoberto Uran
52%
Movistar Team Enric Mas
51%
AG2R Citroën Team Nans Peters
48%
Groupama-FDJ Valentin Madouas
48%
Astana-Premier Tech Alexey Lutsenko
46%
AG2R Citroën Team Greg Van Avermaet
46%
Alpecin-Fenix Jasper Philipsen
46%
Movistar Team Miguel Angel Lopez
46%
Deceuninck Quick-Step Sam Bennett
46%
Total Direct Energie Pierre Latour
45%
Groupama-FDJ Stefan Küng
45%
Alpecin-Fenix Tim Merlier
45%
Cofidis Christophe Laporte
44%
Jumbo-Visma Sepp Kuss
44%
AG2R Citroën Team Aurélien Paret-Peintre
42%
Trek-Segafredo Bauke Mollema
42%
Team DSM Casper Pedersen
42%
Trek-Segafredo Mads Pedersen
42%
Bahrain Victorious Matej Mohorić
42%
Team BikeExchange Michael Matthews
42%
Lotto Soudal Philippe Gilbert
42%
Bahrain Victorious Pello Bilbao
41%
UAE Team Emirates Rafał Majka
41%
Bahrain Victorious Damiano Caruso
39%
Ineos Grenadiers Richie Porte
39%
Bahrain Victorious Wout Poels
39%
Trek-Segafredo Edward Theuns
38%
Arkéa-Samsic Nacer Bouhanni
38%
Bora-Hansgrohe Wilco Kelderman
38%
Ineos Grenadiers Daniel Martinez
37%
Astana-Premier Tech Jakob Fuglsang
37%
Deceuninck Quick-Step Kasper Asgreen
37%
Deceuninck Quick-Step Michael Mørkøv
37%
AG2R Citroën Team Oliver Naesen
37%
EF Education Nippo Sergio Higuita
37%
Jumbo-Visma Tom Dumoulin
37%
Total Direct Energie Anthony Turgis
35%
Deceuninck Quick-Step Yves Lampaert
35%
Astana-Premier Tech Aleksandr Vlasov
34%
UAE Team Emirates Alexander Kristoff
34%
Bahrain Victorious Dylan Teuns
34%
Ineos Grenadiers Dylan Van Baarle
34%
Intermarché - Wanty - Gobert Matériaux Louis Meintjes
34%
UAE Team Emirates Marc Hirschi
34%
Israel Start-Up Nation Michael Woods
34%
Team DSM Søren Kragh Andersen
34%
Cofidis Elia Viviani
32%
Intermarché - Wanty - Gobert Matériaux Aimé De Gendt
31%
Cofidis Anthony Perez
31%
Movistar Team Marc Soler
31%
Bora-Hansgrohe Nils Politt
31%
Cofidis Pierre-Luc Périchon
31%
B&B Hotels P/B KTM Quentin Pacher
31%
Lotto Soudal Thomas De Gendt
31%
Total Direct Energie Alexis Vuillermoz
30%
B&B Hotels P/B KTM Cyril Gautier
30%
Bahrain Victorious Sonny Colbrelli
30%
Jumbo-Visma Steven Kruijswijk
30%
Team DSM Tiesj Benoot
30%
Lotto Soudal Tim Wellens
30%
AG2R Citroën Team Bob Jungels
28%
Trek-Segafredo Jasper Stuyven
28%
Deceuninck Quick-Step Mattia Cattaneo
28%
Ineos Grenadiers Michał Kwiatkowski
28%
Bora-Hansgrohe Patrick Konrad
28%
Bahrain Victorious Jack Haig
27%
Deceuninck Quick-Step João Almeida
27%
Trek-Segafredo Julien Bernard
27%
Astana-Premier Tech Luis Leon Sanchez
27%
Ineos Grenadiers Luke Rowe
27%
Bora-Hansgrohe Maximilian Schachmann
27%
Jumbo-Visma Mike Teunissen
27%
Groupama-FDJ Rudy Molard
27%
UAE Team Emirates Davide Formolo
25%
AG2R Citroën Team Dorian Godon
25%
Lotto Soudal John Degenkolb
25%
Trek-Segafredo Kenny Elissonde
25%
Bora-Hansgrohe Lennard Kämna
25%
Deceuninck Quick-Step Tim Declercq
25%
Alpecin-Fenix Xandro Meurisse
25%
Team DSM Cees Bol
24%
Team Qhubeka Assos Fabio Aru
24%
Trek-Segafredo Giulio Ciccone
24%
Team DSM Jai Hindley
24%
EF Education Nippo Alberto Bettiol
23%
Team BikeExchange Esteban Chaves
23%
Astana-Premier Tech Hugo Houle
23%
Cofidis Jesus Herrada
23%
Team BikeExchange Lucas Hamilton
23%
EF Education Nippo Magnus Cort Nielsen
23%
EF Education Nippo Neilson Powless
23%
Astana-Premier Tech Omar Fraile
23%
Arkéa-Samsic Connor Swift
21%
Arkéa-Samsic Élie Gesbert
21%
Team Qhubeka Assos Giacomo Nizzolo
21%
B&B Hotels P/B KTM Cyril Barthe
20%
Team Qhubeka Assos Domenico Pozzovivo
20%
AG2R Citroën Team Michael Schär
20%
UAE Team Emirates Mikkel Bjerg
20%
Cofidis Simon Geschke
20%
Deceuninck Quick-Step Davide Ballerini
18%
Deceuninck Quick-Step Dries Devenyns
18%
Astana-Premier Tech Ion Izaguirre
18%
UAE Team Emirates Ivo Oliveira
18%
Intermarché - Wanty - Gobert Matériaux Jan Hirt
18%
Team Qhubeka Assos Michael Gogl
18%
Jumbo-Visma Robert Gesink
18%
Alpecin-Fenix Silvan Dillier
18%
Movistar Team Carlos Verona
17%
Total Direct Energie Edvald Boasson Hagen
17%
Ineos Grenadiers Rohan Dennis
17%
Team Qhubeka Assos Simon Clarke
17%
Team Qhubeka Assos Victor Campenaerts
17%
Intermarché - Wanty - Gobert Matériaux Boy Van Poppel
15%
Intermarché - Wanty - Gobert Matériaux Danny Van Poppel
15%
UAE Team Emirates David De La Cruz
15%
UAE Team Emirates Fernando Gaviria
15%
Team BikeExchange Luke Durbridge
15%
Arkéa-Samsic Maxime Bouet
15%
B&B Hotels P/B KTM Maxime Chevalier
15%
Astana-Premier Tech Alexander Aranburu
14%
Arkéa-Samsic Clément Russo
14%
B&B Hotels P/B KTM Cyril Lemoine
14%
Movistar Team Ivan Garcia Cortina
14%
Groupama-FDJ Jacopo Guarnieri
14%
Bahrain Victorious Jan Tratnik
14%
B&B Hotels P/B KTM Kévin Reza
14%
Team BikeExchange Luka Mezgec
14%
Groupama-FDJ Matthieu Ladagnous
14%
EF Education Nippo Michael Valgren
14%
Groupama-FDJ Olivier Le Gac
14%
Alpecin-Fenix Dries De Bondt
13%
Movistar Team Imanol Erviti
13%
Total Direct Energie Niccolò Bonifazio
13%
Cofidis Nicolas Edet
13%
EF Education Nippo Ruben Guerreiro
13%
EF Education Nippo Stefan Bissegger
13%
Team BikeExchange Amund Grøndahl Jansen
11%
Israel Start-Up Nation Daryl Impey
11%
Team BikeExchange Jack Bauer
11%
UAE Team Emirates Jan Polanc
11%
Movistar Team José Joaquín Rojas
11%
Israel Start-Up Nation Krists Neilands
11%
AG2R Citroën Team Marc Sarreau
11%
Total Direct Energie Mathieu Burgaudeau
11%
Team DSM Nikias Arndt
11%
Lotto Soudal Roger Kluge
11%
EF Education Nippo Tejay Van Garderen
11%
Groupama-FDJ Anthony Roux
10%
Arkéa-Samsic Diego Rosa
10%
Movistar Team Gregor Mühlberger
10%
Lotto Soudal Jasper De Buyst
10%
Alpecin-Fenix Jonas Rickaert
10%
Team Qhubeka Assos Max Walscheid
10%
Total Direct Energie Paul Ourselin
10%
Bahrain Victorious Yukiya Arashiro
10%
B&B Hotels P/B KTM Jens Debusschere
8%
Total Direct Energie Julien Simon
8%
Team BikeExchange Mikel Nieve
8%
Intermarché - Wanty - Gobert Matériaux Rein Taaramäe
8%
Jumbo-Visma Sam Oomen
8%
Arkéa-Samsic Daniel Mclay
7%
Lotto Soudal Frederik Frison
7%
Team Qhubeka Assos Nicholas Dlamini
7%
Intermarché - Wanty - Gobert Matériaux Odd Christian Eiking
7%
Team BikeExchange Robert Stannard
7%
Israel Start-Up Nation Sep Vanmarcke
7%
Ineos Grenadiers Tao Geoghegan Hart
7%
Trek-Segafredo Toms Skujiņš
7%
Israel Start-Up Nation Alessandro De Marchi
6%
Bora-Hansgrohe Lukas Pöstlberger
6%
Alpecin-Fenix Petr Vakoć
6%
B&B Hotels P/B KTM Quentin Jaurégui
6%
Total Direct Energie Víctor de la Parte
6%
Total Direct Energie Fabien Doubey
4%
Team DSM Jasha Sütterlin
4%
Alpecin-Fenix Kristian Sbaragli
4%
Intermarché - Wanty - Gobert Matériaux Loïc Vliegen
4%
Israel Start-Up Nation Omer Goldstein
4%
Alpecin-Fenix Otto Vergaerde
4%
Israel Start-Up Nation Patrick Bevin
4%
EF Education Nippo Tom Scully
4%
Trek-Segafredo Alex Kirsch
3%
Cofidis Fabio Sabatini
3%
Intermarché - Wanty - Gobert Matériaux Jan Bakelants
3%
Team Qhubeka Assos Lasse Norman Hansen
3%
Jumbo-Visma Lennard Hofstede
3%
Team DSM Nils Eekhoff
3%
Movistar Team Sergio Samitier
3%
Astana-Premier Tech Stefan De Bod
3%
Lotto Soudal Tosh Van Der Sande
3%
Astana-Premier Tech Merhawi Kudus
1%
Cofidis Nathan Haas
1%
Bora-Hansgrohe Pascal Akermann
1%
Team Qhubeka Assos Reinardt Janse Van Rensburg
1%
Israel Start-Up Nation Reto Hollenstein
1%
Arkéa-Samsic Thomas Boudat
1%
Intermarché - Wanty - Gobert Matériaux Andrea Pasqualon
0%
Team DSM Joris Nieuwenhuis
0%
Bora-Hansgrohe Michael Schwarzmann
0%
Bora-Hansgrohe Rüdiger Selig
0%
Lotto Soudal Tomasz Marczyński
0%
Aucun quiz correspondant
Distribution des résultats
% des personnes avec chaque résultat
Percentile par nombre de réponses
Votre historique - résultats
Vous n’avez pas pris ce quiz